[Event "Canadian-ch op"]
[Site "Hamilton"]
[Date "2022.07.17"]
[Round "9"]
[White "Paragua, Mark"]
[Black "Hua, Eugene"]
[Result "1/2-1/2"]
[WhiteElo "2430"]
[BlackElo "2316"]
[PlyCount "82"]
[EventDate "2022.07.12"]
[EventType "swiss"]
[EventRounds "9"]
[EventCountry "CAN"]
[SourceTitle "EXT 2023"]
[Source "ChessBase"]
[SourceDate "2022.10.05"]
[SourceVersion "1"]
[SourceVersionDate "2022.10.05"]
[SourceQuality "1"]

1. e4 c5 2. Nf3 e6 3. d4 cxd4 4. Nxd4 Nc6 5. Nc3 Qc7 6. Be3 a6 7. a3 Nf6 8. f4 d6 9. Qf3 Be7 10. 0-0-0 0-0 11. Nxc6 bxc6 12. g4 d5 13. g5 Nxe4 14. Nxe4 dxe4 15. Qxe4 Bb7 16. Bg2 Rfd8 17. Qe5 Bd6 18. Qe4 Rab8 19. Qc4 c5 20. Bxb7 Qxb7 21. b3 Qb5 22. Qxb5 axb5 23. Rd2 c4 24. b4 c3 25. Rd3 Ra8 26. Kd1 e5 27. Ke2 exf4 28. Rhd1 Re8 29. Rxd6 Rxe3+ 30. Kf2 Ree8 31. Rc6 Rxa3 32. Rd5 h5 33. gxh6 gxh6 34. Rxb5 Rd8 35. Rf5 Rd2+ 36. Kf3 Rxc2 37. Rc8+ Kg7 38. Rc7 Rxh2 39. Rcxf7+ Kg6 40. R7f6+ Kg7 41. Rf7+ Kg6 1/2-1/2

[Event "USA National op 51st"]
[Site "ICC INT"]
[Date "2020.11.28"]
[Round "5"]
[White "Hua, Eugene"]
[Black "Quirke, Jeffrey"]
[Result "1-0"]
[WhiteElo "2336"]
[BlackElo "2107"]
[PlyCount "61"]
[EventDate "2020.11.27"]
[EventType "swiss"]
[EventRounds "9"]
[EventCountry "USA"]
[SourceTitle "CBM 199 Extra"]
[Source "ChessBase"]
[SourceDate "2021.01.31"]
[SourceVersion "1"]
[SourceVersionDate "2021.01.31"]
[SourceQuality "1"]

1. c4 e6 2. g3 d5 3. Bg2 dxc4 4. Qc2 c6 5. a4 e5 6. Nf3 Nd7 7. 0-0 Ngf6 8. Na3 Bxa3 9. Rxa3 a5 10. Qxc4 0-0 11. Rd1 Qe7 12. d3 h6 13. Bd2 Re8 14. h3 Nd5 15. e4 Nb4 16. Be3 Qf6 17. d4 b6 18. Qc3 c5 19. dxe5 Qe7 20. Bf4 Bb7 21. Nh4 g5 22. Nf5 Qe6 23. Rd6 gxf4 24. Rxe6 Rxe6 25. gxf4 Kh7 26. Qd2 Bc6 27. Rg3 Rg8 28. Rxg8 Kxg8 29. Qe2 Kh7 30. Qh5 Rg6 31. Ne7 1-0

[Event "USA National op 51st"]
[Site "ICC INT"]
[Date "2020.11.28"]
[Round "6"]
[White "Poliannikov, Danila"]
[Black "Hua, Eugene"]
[Result "0-1"]
[WhiteElo "2227"]
[BlackElo "2336"]
[PlyCount "113"]
[EventDate "2020.11.27"]
[EventType "swiss"]
[EventRounds "9"]
[EventCountry "USA"]
[SourceTitle "CBM 199 Extra"]
[Source "ChessBase"]
[SourceDate "2021.01.31"]
[SourceVersion "1"]
[SourceVersionDate "2021.01.31"]
[SourceQuality "1"]

1. e4 c5 2. Nf3 d6 3. d4 Nf6 4. Nc3 cxd4 5. Nxd4 Nc6 6. Be3 Ng4 7. Bb5 Nxe3 8. fxe3 Bd7 9. 0-0 e6 10. Bxc6 bxc6 11. e5 Be7 12. exd6 Bxd6 13. Qh5 0-0 14. Ne4 Be7 15. Rad1 Qc7 16. Nb3 c5 17. Nexc5 Bc6 18. Nd3 Rad8 19. Qa5 Qb8 20. Nd4 Bb7 21. c4 Be4 22. b3 Qa8 23. Rf2 Bxd3 24. Rxd3 Qe4 25. Rdd2 Qxe3 26. Nc2 Qc5 27. Qc3 Bf6 28. Qe3 Qxe3 29. Nxe3 Bd4 30. Rd3 e5 31. b4 e4 32. Ra3 f5 33. g3 g5 34. Kf1 f4 35. gxf4 gxf4 36. Rg2+ Kh8 37. Nd5 e3 38. Rg4 Rxd5 39. cxd5 f3 40. Re4 e2+ 41. Rxe2 fxe2+ 42. Kxe2 Rf2+ 43. Ke1 Rf5 44. Ra5 Kg7 45. Rb5 Kf6 46. Rb7 h5 47. d6 Ke6 48. d7 Rd5 49. a4 Rxd7 50. Rb8 Be5 51. Rb5 h4 52. h3 Rd3 53. Rb7 Bd4 54. b5 Ra3 55. Rh7 Rxa4 56. Ke2 Bb6 57. Rh5 0-1

[Event "USA National op 51st"]
[Site "ICC INT"]
[Date "2020.11.27"]
[Round "1"]
[White "Hua, Eugene"]
[Black "Sethuraman, Sandeep"]
[Result "0-1"]
[WhiteElo "2336"]
[BlackElo "2037"]
[PlyCount "122"]
[EventDate "2020.11.27"]
[EventType "swiss"]
[EventRounds "9"]
[EventCountry "USA"]
[SourceTitle "CBM 199 Extra"]
[Source "ChessBase"]
[SourceDate "2021.01.31"]
[SourceVersion "1"]
[SourceVersionDate "2021.01.31"]
[SourceQuality "1"]

1. c4 Nf6 2. g3 c6 3. Bg2 d5 4. Nf3 Bg4 5. cxd5 cxd5 6. Qb3 Qc8 7. Nc3 e6 8. d3 Nc6 9. Bg5 Be7 10. 0-0 0-0 11. Qa4 Bh5 12. Rac1 h6 13. Be3 Qd7 14. d4 Rfc8 15. h3 a6 16. Qd1 Qd8 17. Ne5 Nxe5 18. dxe5 Nd7 19. g4 Bg6 20. f4 Bh7 21. Bd4 b5 22. e3 Nb6 23. f5 Bg5 24. b3 b4 25. Ne2 Nd7 26. Nf4 Nf8 27. Qf3 Rxc1 28. Rxc1 Rc8 29. Rf1 Qd7 30. Nd3 a5 31. Nc5 Qe7 32. Nd3 Nd7 33. Nf4 Nf8 34. Nh5 Qe8 35. Qg3 Rc2 36. h4 Bd8 37. f6 g5 38. hxg5 hxg5 39. Ng7 Qb5 40. Nf5 Ng6 41. Qh3 exf5 42. Qh6 Rxg2+ 43. Kxg2 Qe2+ 44. Rf2 Qxg4+ 45. Kf1 Qd1+ 46. Kg2 Qg4+ 47. Kh2 Qh4+ 48. Qxh4 Nxh4 49. Rc2 Nf3+ 50. Kh1 Nxd4 51. exd4 Kf8 52. Rh2 Bg8 53. Rh5 Bb6 54. Rxg5 Bxd4 55. Rxf5 Bh7 56. Rh5 Be4+ 57. Kh2 Ke8 58. Kg3 Kd7 59. Kf4 Ke6 60. Rg5 Bg6 61. Kf3 Bxe5 0-1

[Event "Oakville Elevate My Chess 02"]
[Site "Oakville"]
[Date "2020.02.22"]
[Round "6"]
[White "Hua, Eugene"]
[Black "Migot, Tangi"]
[Result "1-0"]
[WhiteElo "2298"]
[BlackElo "2367"]
[PlyCount "53"]
[EventDate "2020.02.19"]
[EventType "tourn"]
[EventRounds "9"]
[EventCountry "CAN"]
[EventCategory "3"]
[SourceTitle "CBM 195 Extra"]
[Source "ChessBase"]
[SourceDate "2020.05.31"]
[SourceVersion "1"]
[SourceVersionDate "2020.05.31"]
[SourceQuality "1"]

1. e4 c5 2. Nf3 d6 3. d4 Nf6 4. Nc3 cxd4 5. Nxd4 Nc6 6. Bg5 e6 7. Qd2 a6 8. 0-0-0 Bd7 9. f3 Nxd4 10. Qxd4 b5 11. g4 h5 12. gxh5 Rxh5 13. f4 Be7 14. Be2 Rh3 15. e5 Bc6 16. Bxf6 gxf6 17. Rhg1 Rxh2 18. exd6 Bf8 19. Ne4 Rh6 20. Rg8 Bd5 21. Bf3 Rc8 22. Nc3 Qxd6 23. Nxd5 exd5 24. Re1+ Kd8 25. Rxf8+ Qxf8 26. Qxd5+ Kc7 27. Qc6+ 1-0

[Event "Oakville Elevate My Chess 02"]
[Site "Oakville"]
[Date "2020.02.20"]
[Round "2"]
[White "Hua, Eugene"]
[Black "Liang, Jason"]
[Result "1-0"]
[WhiteElo "2298"]
[BlackElo "2346"]
[PlyCount "131"]
[EventDate "2020.02.19"]
[EventType "tourn"]
[EventRounds "9"]
[EventCountry "CAN"]
[EventCategory "3"]
[SourceTitle "CBM 195 Extra"]
[Source "ChessBase"]
[SourceDate "2020.05.31"]
[SourceVersion "1"]
[SourceVersionDate "2020.05.31"]
[SourceQuality "1"]

1. d4 d5 2. Nf3 Nf6 3. e3 c6 4. h3 g6 5. Nbd2 Bg7 6. c4 0-0 7. b4 a5 8. b5 cxb5 9. cxb5 a4 10. Ba3 Nbd7 11. Be2 Re8 12. 0-0 Nb6 13. Rc1 Be6 14. Ne5 Ne4 15. Nd3 Nxd2 16. Qxd2 Nc4 17. Qb4 Bc8 18. Rfd1 e5 19. Rxc4 dxc4 20. Nxe5 Bxe5 21. dxe5 Qa5 22. Bxc4 Qxb4 23. Bxb4 Be6 24. Bxe6 Rxe6 25. Bd6 f6 26. f4 fxe5 27. Bxe5 Rb6 28. Rd5 Kf7 29. Bd4 Re6 30. Kf2 Rc8 31. Kf3 Rc2 32. a3 b6 33. Rd7+ Re7 34. Rd6 Re6 35. Rd7+ Re7 36. Rd6 Rb7 37. Be5 Rc5 38. Rd4 Ra7 39. Rb4 Ra5 40. Rd4 Rcxb5 41. Rd7+ Ke6 42. Rxh7 Rb3 43. Rh6 Rxa3 44. Rxg6+ Kd5 45. h4 Rb3 46. h5 Ra7 47. h6 Rh7 48. g4 a3 49. g5 Rb1 50. Rg7 Rh8 51. Ra7 Rc8 52. h7 Rh1 53. h8Q Rhxh8 54. Bxh8 Rxh8 55. Rxa3 b5 56. Rd3+ Kc4 57. Rd7 Rb8 58. g6 b4 59. g7 b3 60. Rb7 Rg8 61. f5 Kc3 62. f6 b2 63. Rxb2 Kxb2 64. f7 Rxg7 65. f8Q Rg1 66. Ke4 1-0

[Event "World ol U16"]
[Site "Corum"]
[Date "2019.11.05"]
[Round "9.13"]
[White "Hua, Eugene"]
[Black "Ke, Ivan"]
[Result "1-0"]
[WhiteElo "2285"]
[BlackElo "2321"]
[PlyCount "89"]
[EventDate "2019.10.29"]
[EventType "team-swiss"]
[EventRounds "9"]
[EventCountry "TUR"]
[SourceTitle "CBM 192 Extra"]
[Source "Chessbase"]
[SourceDate "2019.11.06"]
[SourceVersion "1"]
[SourceVersionDate "2019.11.06"]
[SourceQuality "1"]
[WhiteTeam "Canada"]
[BlackTeam "United States"]
[WhiteTeamCountry "CAN"]
[BlackTeamCountry "USA"]

1. c4 c5 2. Nc3 Nc6 3. Nf3 g6 4. g3 Bg7 5. Bg2 e5 6. 0-0 Nge7 7. a3 0-0 8. Rb1 a5 9. Ne1 d6 10. Nc2 Be6 11. Ne3 f5 12. Ned5 Kh8 13. d3 Bg8 14. Bg5 h6 15. Bxe7 Nxe7 16. b4 Nxd5 17. Nxd5 cxb4 18. axb4 b6 19. bxa5 bxa5 20. Qa4 Bf7 21. Nb6 Be8 22. Bc6 Ra7 23. Rb3 e4 24. Rfb1 exd3 25. Rxd3 Bxc6 26. Qxc6 Qe8 27. Qxd6 Qxe2 28. Re3 Qc2 29. Rbe1 f4 30. gxf4 Qf5 31. Nd5 Rd7 32. Qe6 Rxd5 33. Qxd5 Qxf4 34. Qg2 Bd4 35. R3e2 a4 36. Kh1 a3 37. Re4 Qxf2 38. Qxf2 Bxf2 39. Re8 Rxe8 40. Rxe8+ Kg7 41. Ra8 Bc5 42. Ra6 h5 43. Kg2 Kh6 44. Kf3 Kg5 45. Ra5 1-0

[Event "World ol U16"]
[Site "Corum"]
[Date "2019.10.31"]
[Round "4.3"]
[White "Hua, Eugene"]
[Black "Suleymanli, Aydin Elshan"]
[Result "1/2-1/2"]
[WhiteElo "2285"]
[BlackElo "2426"]
[PlyCount "80"]
[EventDate "2019.10.29"]
[EventType "team-swiss"]
[EventRounds "9"]
[EventCountry "TUR"]
[SourceTitle "CBM 192 Extra"]
[Source "Chessbase"]
[SourceDate "2019.11.06"]
[SourceVersion "1"]
[SourceVersionDate "2019.11.06"]
[SourceQuality "1"]
[WhiteTeam "Canada"]
[BlackTeam "Azerbaijan"]
[WhiteTeamCountry "CAN"]
[BlackTeamCountry "AZE"]

1. c4 e6 2. g3 d5 3. Bg2 Nf6 4. Nf3 Be7 5. 0-0 0-0 6. b3 b6 7. Bb2 Bb7 8. e3 c5 9. Nc3 Nc6 10. cxd5 exd5 11. d4 Re8 12. Ne5 Bf8 13. Nxc6 Bxc6 14. Qd3 Qd7 15. Rfd1 Rad8 16. Rac1 Qb7 17. Qf5 Bd7 18. Nxd5 Qxd5 19. Qxd5 Nxd5 20. Bxd5 Bg4 21. Bc6 Bxd1 22. Bxe8 Bxb3 23. axb3 Rxe8 24. Kg2 Rd8 25. Kf3 cxd4 26. exd4 Bd6 27. Ke4 f6 28. Ra1 Bb8 29. Rc1 Kf7 30. Rc6 Ke7 31. Ba3+ Kd7 32. Rc2 Re8+ 33. Kd3 h5 34. Rc1 g5 35. h3 f5 36. Bb4 f4 37. Bd2 fxg3 38. fxg3 g4 39. hxg4 hxg4 40. Bf4 Bxf4 1/2-1/2

[Event "CAN-ch U20"]
[Site "Toronto"]
[Date "2019.08.11"]
[Round "7"]
[White "Rodrigue Lemieux, Shawn"]
[Black "Hua, Eugene"]
[Result "0-1"]
[WhiteElo "2199"]
[BlackElo "2301"]
[PlyCount "50"]
[EventDate "2019.08.08"]
[EventType "swiss"]
[EventRounds "8"]
[EventCountry "CAN"]
[SourceTitle "CBM 191 Extra"]
[Source "ChessBase"]
[SourceDate "2019.09.30"]
[SourceVersion "1"]
[SourceVersionDate "2019.09.30"]
[SourceQuality "1"]

1. Nf3 c5 2. e3 Nf6 3. d4 d5 4. b3 Nc6 5. Bb2 e6 6. Bd3 Bd6 7. 0-0 0-0 8. a3 b6 9. Nbd2 Bb7 10. Qe2 Rc8 11. Ne5 Ne7 12. Rac1 Ne4 13. Bxe4 dxe4 14. Rfd1 Qc7 15. Ndc4 Bxe5 16. dxe5 Ba6 17. Rd2 Rcd8 18. Rcd1 Rxd2 19. Qxd2 Bxc4 20. bxc4 Nc6 21. Qc3 Rd8 22. Re1 Qd7 23. Bc1 Na5 24. f3 Qa4 25. fxe4 Qxc4 0-1

[Event "Pan American-ch U18"]
[Site "Guayaquil"]
[Date "2019.07.25"]
[Round "7"]
[White "Hua, Eugene"]
[Black "Vera Sanchez, Pavel Genaro"]
[Result "1-0"]
[WhiteElo "2301"]
[BlackElo "2162"]
[PlyCount "73"]
[EventDate "2019.07.21"]
[EventType "swiss"]
[EventRounds "9"]
[EventCountry "ECU"]
[SourceTitle "EXT 2020"]
[Source "ChessBase"]
[SourceDate "2019.10.17"]
[SourceVersion "1"]
[SourceVersionDate "2019.10.17"]
[SourceQuality "1"]

1. e4 c5 2. Nf3 Nc6 3. Bb5 g6 4. Bxc6 dxc6 5. d3 Bg7 6. h3 Nf6 7. Nc3 Nd7 8. Be3 e5 9. Qd2 h6 10. 0-0 b6 11. Nh2 Nf8 12. f4 exf4 13. Rxf4 Be6 14. Raf1 g5 15. R4f2 Qd6 16. Ng4 0-0-0 17. Ne2 Nh7 18. b4 cxb4 19. d4 Bxg4 20. hxg4 f6 21. Qd3 Nf8 22. e5 fxe5 23. Ng3 exd4 24. Bd2 Be5 25. Rf7 Nd7 26. Nf5 Qc5 27. Ne7+ Kc7 28. Qa6 Ra8 29. Ng6 Rhd8 30. R1f5 d3+ 31. Kh1 dxc2 32. Nxe5 c1Q+ 33. Bxc1 Qxc1+ 34. Kh2 Qd2 35. R5f6 Qd5 36. Rxc6+ Qxc6 37. Nxc6 1-0

[Event "Ontario op"]
[Site "Oakville"]
[Date "2019.05.19"]
[Round "3"]
[White "Sambuev, Bator"]
[Black "Hua, Eugene"]
[Result "1-0"]
[WhiteElo "2490"]
[BlackElo "2305"]
[PlyCount "61"]
[EventDate "2019.05.18"]
[EventType "swiss"]
[EventRounds "6"]
[EventCountry "CAN"]
[SourceTitle "CBM 190 Extra"]
[Source "ChessBase"]
[SourceDate "2019.07.15"]
[SourceVersion "1"]
[SourceVersionDate "2019.07.15"]
[SourceQuality "1"]

1. d4 Nf6 2. Nf3 d5 3. e3 e6 4. Bd3 c5 5. 0-0 Nc6 6. b3 Bd6 7. Bb2 0-0 8. a3 b6 9. Nbd2 Bb7 10. Qe2 Rc8 11. Ne5 Ne7 12. dxc5 Rxc5 13. b4 Rc8 14. Rad1 Qc7 15. f4 Ng6 16. Ng4 Ne4 17. f5 exf5 18. Rxf5 Rcd8 19. Rdf1 Nxd2 20. Qxd2 Bc8 21. e4 Bxf5 22. exf5 Ne5 23. Bxe5 Bxe5 24. f6 Kh8 25. Qg5 Bd4+ 26. Kh1 Rg8 27. Qh4 g6 28. Rf3 Rge8 29. Qh6 Re1+ 30. Bf1 Rxf1+ 31. Rxf1 1-0

[Event "Canada zt"]
[Site "Kingston"]
[Date "2019.04.21"]
[Round "7"]
[White "Thavandiran, Shiyam"]
[Black "Hua, Eugene"]
[Result "1-0"]
[WhiteElo "2412"]
[BlackElo "2329"]
[PlyCount "169"]
[EventDate "2019.04.18"]
[EventType "swiss"]
[EventRounds "9"]
[EventCountry "CAN"]
[SourceTitle "CBM 190 Extra"]
[Source "ChessBase"]
[SourceDate "2019.07.15"]
[SourceVersion "1"]
[SourceVersionDate "2019.07.15"]
[SourceQuality "1"]

1. e4 c5 2. Nf3 e6 3. d4 cxd4 4. Nxd4 Nc6 5. Nc3 Qc7 6. Be2 a6 7. 0-0 Nf6 8. Be3 Be7 9. f4 d6 10. Kh1 0-0 11. Qe1 Nxd4 12. Bxd4 b5 13. Qg3 Bb7 14. a3 Bc6 15. Rae1 Rad8 16. Bd3 Qd7 17. Nd1 Nh5 18. Qg4 Nf6 19. Qg3 Nh5 20. Qg4 Nf6 21. Qe2 Qc7 22. Qe3 Nd7 23. Qg3 Nf6 24. e5 dxe5 25. Bxe5 Qb7 26. Ne3 Be4 27. Bxf6 Bxf6 28. Ng4 Bxd3 29. Nxf6+ Kh8 30. cxd3 gxf6 31. Qh4 Qe7 32. Re3 Rg8 33. f5 Rg5 34. Rh3 h5 35. fxe6 fxe6 36. Rhf3 Kg7 37. Qf2 Rg6 38. Rc1 Qd7 39. Qc5 Rg5 40. Qf2 Rg6 41. h3 Rc8 42. Rf1 Qe7 43. Re1 Qd7 44. Rg3 Rxg3 45. Qxg3+ Kf7 46. Qh4 Rc5 47. Rf1 Qe7 48. Qe4 Kg7 49. d4 Rd5 50. Re1 Qd7 51. Qxe6 Qxe6 52. Rxe6 a5 53. Re4 b4 54. axb4 axb4 55. Kg1 f5 56. Rf4 Ra5 57. Rf1 Ra2 58. Rxf5 Rxb2 59. Rxh5 Rd2 60. Rb5 Rxd4 61. Kh2 Kf6 62. Kg3 Rd3+ 63. Kh4 b3 64. g4 Rc3 65. g5+ Kg6 66. Rb6+ Kf5 67. Rf6+ Ke5 68. Rb6 Kf5 69. Rf6+ Ke5 70. Rf8 b2 71. Rb8 Rc2 72. Kh5 Rh2 73. h4 Kf5 74. Rb6 Rc2 75. Rb5+ Ke6 76. Kh6 Rc8 77. Rxb2 Rh8+ 78. Kg6 Rxh4 79. Re2+ Kd7 80. Kg7 Rg4 81. g6 Rg1 82. Kf7 Rf1+ 83. Kg8 Rg1 84. g7 Rg3 85. Rh2 1-0

[Event "Canada zt"]
[Site "Kingston"]
[Date "2019.04.20"]
[Round "4"]
[White "Bareev, Evgeny"]
[Black "Hua, Eugene"]
[Result "1-0"]
[WhiteElo "2642"]
[BlackElo "2329"]
[PlyCount "107"]
[EventDate "2019.04.18"]
[EventType "swiss"]
[EventRounds "9"]
[EventCountry "CAN"]
[SourceTitle "CBM 190 Extra"]
[Source "ChessBase"]
[SourceDate "2019.07.15"]
[SourceVersion "1"]
[SourceVersionDate "2019.07.15"]
[SourceQuality "1"]

1. d4 Nf6 2. Nf3 d5 3. c4 e6 4. g3 dxc4 5. Bg2 a6 6. Ne5 Bb4+ 7. Nc3 Nd5 8. 0-0 0-0 9. Bd2 Nb6 10. Ne4 Bxd2 11. Qxd2 N8d7 12. Qa5 Nd5 13. Nxc4 b6 14. Qa3 Bb7 15. Rfd1 Rb8 16. Rac1 Qe7 17. Qxe7 Nxe7 18. b4 Bd5 19. Rd2 Rbc8 20. Rdc2 Nc6 21. Ne3 Nxb4 22. Rxc7 Rxc7 23. Rxc7 Bxe4 24. Bxe4 Nf6 25. Bb1 g5 26. a3 Nbd5 27. Nxd5 Nxd5 28. Rc6 Rd8 29. Bd3 a5 30. Bb5 Ne7 31. Rxb6 Rxd4 32. Ra6 Nd5 33. Rxa5 Nc3 34. Bd3 h6 35. Rc5 Na4 36. Rc4 Rxc4 37. Bxc4 Nc5 38. f4 gxf4 39. gxf4 Kf8 40. Kf2 Ke7 41. Kf3 Kf6 42. Ke3 Ke7 43. Kd4 Kd6 44. e4 f6 45. Ke3 e5 46. Kf3 Na4 47. Kg4 Nc3 48. Kf5 exf4 49. Kxf4 Kc5 50. Bd3 Kd4 51. Bc2 Nb5 52. a4 Nd6 53. a5 Kc5 54. Bd3 1-0

[Event "Canada zt"]
[Site "Kingston"]
[Date "2019.04.19"]
[Round "2"]
[White "Kang, Dorian"]
[Black "Hua, Eugene"]
[Result "0-1"]
[WhiteElo "2035"]
[BlackElo "2329"]
[PlyCount "90"]
[EventDate "2019.04.18"]
[EventType "swiss"]
[EventRounds "9"]
[EventCountry "CAN"]
[SourceTitle "CBM 190 Extra"]
[Source "ChessBase"]
[SourceDate "2019.07.15"]
[SourceVersion "1"]
[SourceVersionDate "2019.07.15"]
[SourceQuality "1"]

1. e4 c5 2. Nf3 e6 3. d4 cxd4 4. Nxd4 Nc6 5. Nb5 d6 6. N1c3 a6 7. Nd4 Nf6 8. Be3 Be7 9. Be2 0-0 10. 0-0 Bd7 11. f4 b5 12. a3 Rc8 13. Nb3 Qc7 14. g4 d5 15. exd5 Nxd5 16. Nxd5 exd5 17. Qxd5 Bf6 18. Rab1 Rfe8 19. Qc5 Qb8 20. Rf2 Nd4 21. Bxd4 Rxc5 22. Bxc5 Bh4 23. Rbf1 Bxf2+ 24. Rxf2 Be6 25. Nd4 Qc8 26. Nxe6 Rxe6 27. b4 Rxe2 28. Rxe2 Qxg4+ 29. Kf2 Qxf4+ 30. Ke1 h5 31. Kd1 Qf3 32. Be3 Qd5+ 33. Ke1 g5 34. Rf2 Kg7 35. c3 Kg6 36. Bd4 f5 37. Re2 h4 38. Kf2 Qh1 39. Ke3 f4+ 40. Kd3 Qd1+ 41. Rd2 Qf3+ 42. Kc2 g4 43. Rf2 Qe4+ 44. Kd2 f3 45. Rf1 Qe2+ 0-1

[Event "Mississauga Spring op"]
[Site "Mississauga"]
[Date "2019.03.24"]
[Round "5.3"]
[White "Hua, Eugene"]
[Black "Morrison, Robert"]
[Result "1-0"]
[WhiteElo "2432"]
[BlackElo "2269"]
[PlyCount "53"]
[EventDate "2019.03.23"]
[EventType "swiss"]
[EventRounds "5"]
[EventCountry "CAN"]
[SourceTitle "EXT 2022"]
[Source "ChessBase"]
[SourceDate "2021.10.06"]
[SourceVersion "1"]
[SourceVersionDate "2021.10.06"]
[SourceQuality "1"]

1. e4 d5 2. exd5 Qxd5 3. Nc3 Qd6 4. d4 Nf6 5. Nf3 c6 6. Ne5 Nbd7 7. Nc4 Qc7 8. Qf3 Nb6 9. Bf4 Qd7 10. Nxb6 axb6 11. 0-0-0 Qg4 12. Qe3 Qe6 13. d5 Qxe3+ 14. Bxe3 Nd7 15. Bc4 g6 16. Rhe1 Bg7 17. Bg5 Bf6 18. Ne4 Bxg5+ 19. Nxg5 c5 20. d6 e6 21. Bxe6 fxe6 22. Rxe6+ Kf8 23. Rde1 Kg7 24. Re7+ Kf6 25. h4 Kf5 26. Nf7 Rf8 27. Nh6+ 1-0